A Balatoni kerékpárturizmus egy felmérés tükrében [absztrakt] /

Elmentve itt :
Bibliográfiai részletek
Szerző: Izing Máté Antal
Testületi szerző: IV. Móra Interdiszciplináris Kárpát-medencei Szakkollégiumi Konferencia
Dokumentumtípus: Könyv része
Megjelent: 2021
Sorozat:Móra Kárpát-medencei Interdiszciplináris Szakkollégiumi Konferencia 4
Kulcsszavak:Turizmus - Balaton - előadáskivonat
Tárgyszavak:
Online Access:http://acta.bibl.u-szeged.hu/83244
LEADER 00894naa a2200205 i 4500
001 acta83244
005 20240122142431.0
008 240122s2021 hu o 100 hun d
040 |a SZTE Egyetemi Kiadványok Repozitórium  |b hun 
041 |a hun 
100 1 |a Izing Máté Antal 
245 1 2 |a A Balatoni kerékpárturizmus egy felmérés tükrében   |h [elektronikus dokumentum] :  |b [absztrakt] /  |c  Izing Máté Antal 
260 |c 2021 
300 |a 74-75 
490 0 |a Móra Kárpát-medencei Interdiszciplináris Szakkollégiumi Konferencia  |v 4 
650 4 |a Társadalomtudományok 
650 4 |a Társadalom- és gazdaságföldrajz 
695 |a Turizmus - Balaton - előadáskivonat 
711 |a IV. Móra Interdiszciplináris Kárpát-medencei Szakkollégiumi Konferencia  |c Szeged  |d 2021. március 19-20. 
856 4 0 |u http://acta.bibl.u-szeged.hu/83244/1/morakonf_2021_marc_074-075.pdf  |z Dokumentum-elérés